LEADER 01544nam a2200301 u 4500 001 000000061156 003 CaOOAMICUS 005 20070226121007.0 008 010903s2000 it u000 u ita u 035 $a10900995 040 $aPUL(R)$bita 100 1 $aRafalko, Agata.$0(OLS)http://pul/name/41748 245 13$aLa scuola negli scritti e nelle esperienze educative di Janusz Korczak :$bgenesi e sviluppo (1878-1942) /$cAgata Rafalko. 260 $aRoma :$b[s.n.],$c2000. 300 $a159 p. ;$c25 cm 490 1 $aUniversitā Pontificia Salesiana. Facoltā di scienze dell'educazione. Tesi di dottorato ;$v454 500 $aSul front.: "Estratto di dissertazione dottorale". 504 $aBibliografia p. 139-151. 600 14$aKorczak, Janusz,$cpseud. di Henryk Goldszmit,$d1878 o 1879-1942.$0(OLS)http://pul/subject/23433 650 4$aScuola.$0(OLS)http://pul/subject/1176 710 2 $aPontificia Universitā Salesiana.$bFacoltā di scienze dell'educazione.$0(OLS)http://pul/name/13047 830 0$aTesi di dottorato (Pontificia Universitā salesiana. Facoltā di scienze dell'educazione) ;$v454.$0(OLS)http://pul/title/71601 850 $aPUL 852 $aPUL$W1$xDP1 Tesi Pon. Univ. Salesiana$y46$mTH SAL 454$j188227$nBK-PRI$b $qTesi$B79731$CPULBib$Z2$F79731 $82 941 1 $a16 961 $aINV: 83921 996 $6245$aLa scuola negli scritti e nelle esperienze educative di Janusz Korczak :$bgenesi e sviluppo (1878-1942)$9(OLS)http://pul/title/81667 996 $6260$aRoma :$b[s.n.]$9(OLS)http://pul/publisher/47958 LEADER 01551nam a2200325 u 4500 001 000000082425 003 CaOOAMICUS 005 20070226123848.0 008 050413s1988 gw u000 u ger u 020 $a372780579X (Universitätsverlag) 020 $a3525537107 (Vandenhoeck & Ruprecht) 035 $a11038870 040 $aPUL$bita 100 1 $aBeyerlin, Walter.$0(OLS)http://pul/name/11761 245 10$aBleilot, Brecheisen oder was sonst? :$brevision einer Amos-Vision /$cWalter Beyerlin. 260 $aFreiburg, Schweiz :$bUniversit&TDtsverlag ;$aGöttingen :$bVandenhoeck & Ruprecht,$c1988. 300 $a61 p. ;$c24 cm 490 1 $aOrbis biblicus et orientalis ;$v81 504 $aInclude riferimenti bibliografici. 630 04$aBiblia.$pV.T.$pAmos.$0(OLS)http://pul/subject/26050 830 0$aOrbis biblicus et orientalis ;$v81.$0(OLS)http://pul/title/14045 850 $aPUL 852 $aPUL$W1$xSL Religione 3$y85$m220.05/Coll/1.81$j105023$nBK-PRI$qDDC 21$B105023$CPULBib$Z2$F105023 $H97907 $82 941 1 $a9 983 0$aOBO. 996 $6020$a372780579X (Universitätsverlag)$9(OLS)http://pul/number/109229 996 $6020$a3525537107 (Vandenhoeck & Ruprecht)$9(OLS)http://pul/number/109230 996 $6245$aBleilot, Brecheisen oder was sonst? :$brevision einer Amos-Vision$9(OLS)http://pul/title/107722 996 $6260$aFreiburg, Schweiz :$bUniversit&TDtsverlag$9(OLS)http://pul/publisher/76284 996 $6260$aGöttingen :$bVandenhoeck & Ruprecht$9(OLS)http://pul/publisher/47973